000 00413nam a2200133Ia 4500
008 231129s1990||||xx |||||||||||||| ||spa||
020 _a958-643-116-9
082 _aHAJ- 0056
100 _aHernández de Alba Guillermo Compilador
245 0 _aArchivo Nariño 1809-1812 Tomo III Presidencia de Cundinamarca
260 _c1990
264 _aBogotá: Nomos
942 _2ddc
_cBKS
999 _c5546
_d5546